[Event "13th Foxwoods Open"]
[Site "Mashantucket, CT"]
[Date "2019.04.20"]
[Round "6"]
[White "Cezila Jr, Rubens"]
[Black "Poliannikov, Danila"]
[Result "0-1"]
[WhiteElo "2116"]
[BlackElo "1930"]
[PlyCount "92"]
[EventDate "2019.04.??"]
[EventType "swiss"]
[EventRounds "9"]
[EventCountry "USA"]

1. e4 e5 2. Nf3 Nc6 3. Bb5 a6 4. Ba4 Nf6 5. d3 b5 6. Bb3 Be7 7. c3 d6 8. h3 O-O
9. O-O Na5 10. Bc2 c5 11. Nbd2 Re8 12. Re1 g6 13. Nf1 Bf8 14. Bg5 Bg7 15. Qc1
Qc7 16. Ng3 Bb7 17. Nh4 Bc8 18. Bh6 Qd8 19. Nhf5 Bxf5 20. exf5 d5 21. Bg5 Nc6
22. Bd1 Qd6 23. Bf3 Rad8 24. h4 h5 25. fxg6 fxg6 26. b3 e4 27. dxe4 d4 28. cxd4
cxd4 29. Qd2 Ne5 30. Ne2 Nfg4 31. Nf4 Nxf3+ 32. gxf3 Ne5 33. Kg2 Rd7 34. Nd5
Qe6 35. Qe2 d3 36. Qe3 Rf8 37. f4 d2 38. Red1 Ng4 39. Qd3 Bxa1 40. Rxa1 Re8 41.
Rd1 Qxe4+ 42. Qxe4 Rxe4 43. Rxd2 Re6 44. f5 Re5 45. Nb4 Rxd2 46. Bxd2 Re2 0-1

[Event "13th Foxwoods Open"]
[Site "Mashantucket, CT"]
[Date "2019.04.20"]
[Round "6"]
[White "Liang, Jason"]
[Black "Sena, Juan"]
[Result "1-0"]
[WhiteElo "2212"]
[BlackElo "2006"]
[PlyCount "63"]
[EventDate "2019.04.??"]
[EventType "swiss"]
[EventRounds "9"]
[EventCountry "USA"]

1. e4 e6 2. d4 d5 3. Nc3 Nf6 4. e5 Nfd7 5. f4 c5 6. Nf3 Nc6 7. Be3 Be7 8. Qd2
O-O 9. Be2 b6 10. Nd1 Qc7 11. c3 a5 12. O-O Ba6 13. Nf2 Bxe2 14. Qxe2 a4 15. a3
Na5 16. Rad1 Nc4 17. Bc1 cxd4 18. cxd4 Rac8 19. Nd3 b5 20. f5 exf5 21. e6 Nf6
22. exf7+ Rxf7 23. Ng5 Bd6 24. Qe6 Bxh2+ 25. Kh1 Rcf8 26. Nxf7 Rxf7 27. Rxf5
Nd6 28. Rxf6 gxf6 29. Kxh2 Ne4+ 30. Bf4 Qc2 31. Qg4+ Rg7 32. Rc1 1-0

[Event "13th Foxwoods Open"]
[Site "Mashantucket, CT"]
[Date "2019.04.20"]
[Round "6"]
[White "Wofford, Matthew"]
[Black "Aramil, William"]
[Result "0-1"]
[WhiteElo "1996"]
[BlackElo "2201"]
[PlyCount "108"]
[EventDate "2019.04.??"]
[EventType "swiss"]
[EventRounds "9"]
[EventCountry "USA"]

1. e4 d6 2. d4 Nf6 3. Nc3 e5 4. dxe5 dxe5 5. Qxd8+ Kxd8 6. Nf3 Bd6 7. Bg5 Be6
8. O-O-O Ke7 9. Be2 Nbd7 10. h3 c6 11. Ne1 b5 12. Nd3 h6 13. Bxf6+ gxf6 14. b3
a5 15. g3 Nb6 16. f4 a4 17. Kd2 b4 18. Nb1 c5 19. f5 c4 20. fxe6 cxd3 21. Bxd3
fxe6 22. Ke2 Bc5 23. Nd2 Bd4 24. Rhf1 Nd7 25. Rf3 h5 26. Rdf1 Rh6 27. Nc4 axb3
28. axb3 Rg6 29. Ne3 Nf8 30. g4 hxg4 31. hxg4 Rh6 32. Bb5 Nh7 33. R3f2 Ng5 34.
Bd3 Rh3 35. Nd1 Bxf2 36. Nxf2 Rh2 37. Ke3 Nh3 38. Nd1 Nf4 39. Bb5 Rxc2 40. Rh1
Ra3 41. Rh7+ Kf8 42. Ba4 Raa2 43. Bb5 Kg8 44. Rh1 Ra3 45. Ba4 Re2+ 46. Kf3 Ra1
47. g5 fxg5 48. Rg1 Kf7 49. Bb5 Rd2 50. Rxg5 Raxd1 51. Rxe5 Ng6 52. Rc5 Kf6 53.
Ke3 Rb2 54. Ba4 Ne5 0-1

[Event "13th Foxwoods Open"]
[Site "Mashantucket, CT"]
[Date "2019.04.20"]
[Round "6"]
[White "Ngo, Bach"]
[Black "Weeramantry, Sunil"]
[Result "1/2-1/2"]
[WhiteElo "1880"]
[BlackElo "2047"]
[PlyCount "126"]
[EventDate "2019.04.??"]
[EventType "swiss"]
[EventRounds "9"]
[EventCountry "USA"]

1. d4 Nf6 2. Nf3 g6 3. Nc3 Bg7 4. e4 d6 5. Be2 O-O 6. O-O Bg4 7. Be3 Nc6 8. h3
Bxf3 9. Bxf3 e5 10. dxe5 dxe5 11. Bc5 Re8 12. Nb5 Qc8 13. c3 b6 14. Be3 a6 15.
Na3 Qb7 16. Qe2 b5 17. Nb1 Na5 18. Nd2 Qc6 19. Rfd1 Nb7 20. Qd3 Red8 21. Qc2
Rd7 22. Nb3 Rxd1+ 23. Rxd1 a5 24. Be2 a4 25. Nd2 Nd6 26. f3 Nh5 27. Kh2 f5 28.
exf5 Nxf5 29. Bf2 Nd4 30. Bxd4 exd4 31. Qe4 Qd6+ 32. Kg1 Rf8 33. Nf1 c6 34.
cxd4 Nf4 35. Kh1 Qf6 36. Rd2 Kf7 37. Qe5 Re8 38. Qxf6+ Bxf6 39. Ng3 Rd8 40. Bd1
Rxd4 41. Rxd4 Bxd4 42. b3 a3 43. Ne2 Nxe2 44. Bxe2 Ke6 45. g4 Kd5 46. Kg2 Kc5
47. Kf1 Kb4 48. Ke1 Kc3 49. Kd1 Be3 50. h4 h6 51. h5 gxh5 52. gxh5 Bf4 53. Bf1
Bg5 54. Be2 Kd4 55. Kc2 Ke3 56. Bd3 Kxf3 57. Bg6 c5 58. Be8 Kg4 59. Bf7 Bf6 60.
Be8 Be5 61. Bf7 Bd4 62. Be8 Kg5 63. Bf7 Bb2 1/2-1/2

[Event "13th Foxwoods Open"]
[Site "Mashantucket, CT"]
[Date "2019.04.20"]
[Round "6"]
[White "Harriott, Tyrell"]
[Black "Donald Johnson"]
[Result "1-0"]
[WhiteElo "2033"]
[BlackElo "1745"]
[PlyCount "107"]
[EventDate "2019.04.??"]
[EventType "swiss"]
[EventRounds "9"]
[EventCountry "USA"]

1. d4 Nf6 2. e3 d5 3. Bd3 c5 4. c3 Nc6 5. f4 Bg4 6. Ne2 e6 7. Nd2 Be7 8. O-O
O-O 9. Nf3 a6 10. Ng3 Nh5 11. Nh1 Bf5 12. Be2 Nf6 13. Ng3 h6 14. Nxf5 exf5 15.
dxc5 Bxc5 16. Qd3 Qd7 17. Nd4 g6 18. Nc2 Rfe8 19. Bd2 Re7 20. Rad1 Rae8 21. Bf3
Qc7 22. Kh1 Qb6 23. b4 Bd6 24. Bxd5 Rd8 25. c4 Nxd5 26. cxd5 Bxb4 27. Rb1 a5
28. a3 Red7 29. Qe2 Rxd5 30. Be1 Rd3 31. axb4 Nxb4 32. Bxb4 axb4 33. Nxb4 Rxe3
34. Qf2 Qe6 35. Rbe1 Rxe1 36. Rxe1 Qb3 37. Nc2 Qc3 38. Ne3 b5 39. Nf1 b4 40.
Re3 Qc4 41. Qf3 Rd4 42. g3 Re4 43. Rd3 Re1 44. Kg2 Kg7 45. Nd2 Qc2 46. Rd7 Re4
47. Kh3 Qc6 48. Qd3 Re6 49. Qd4+ Rf6 50. Rd8 Qb5 51. Rd6 h5 52. Qxf6+ Kf8 53.
Qh8+ Ke7 54. Qd8# 1-0

[Event "13th Foxwoods Open"]
[Site "Mashantucket, CT"]
[Date "2019.04.20"]
[Round "6"]
[White "Song, Alan"]
[Black "Murthy, Pappu"]
[Result "1/2-1/2"]
[WhiteElo "1983"]
[BlackElo "2025"]
[PlyCount "109"]
[EventDate "2019.04.??"]
[EventType "swiss"]
[EventRounds "9"]
[EventCountry "USA"]

1. e4 c5 2. Nf3 g6 3. d4 cxd4 4. Nxd4 Bg7 5. c4 Nc6 6. Nc2 Nf6 7. Nc3 O-O 8.
Be2 d6 9. Bd2 Nd7 10. b4 a5 11. a3 b6 12. b5 Ncb8 13. Rb1 Nc5 14. f3 f5 15. O-O
f4 16. Be1 Bb7 17. Nd4 Bxd4+ 18. Qxd4 e5 19. Qd2 Rf7 20. Rd1 Rd7 21. Kh1 Kh8
22. Rg1 Nb3 23. Qb2 Nc5 24. g3 g5 25. gxf4 gxf4 26. Nd5 Rf7 27. Nxf4 Rxf4 28.
Qxe5+ Rf6 29. Bc3 Nbd7 30. Qg5 Qf8 31. Bxf6+ Nxf6 32. Qe3 Nfxe4 33. fxe4 Bxe4+
34. Rg2 Qf6 35. Rf1 Bxg2+ 36. Kxg2 Rg8+ 37. Kh1 Qe5 38. Qf3 Ne4 39. Bd3 Nc5 40.
Bf5 Qg7 41. Be4 Nxe4 42. Qxe4 Qc3 43. a4 Qg7 44. Rd1 Qg4 45. Re1 Qg7 46. Rf1
Qg4 47. Qxg4 Rxg4 48. Rf8+ Kg7 49. Rd8 Rxc4 50. Rd7+ Kf8 51. Rxd6 Rxa4 52. Rxb6
Rb4 53. Rb8+ Kg7 54. b6 a4 55. Ra8 1/2-1/2

[Event "13th Foxwoods Open"]
[Site "Mashantucket, CT"]
[Date "2019.04.20"]
[Round "7.1"]
[White "Durarbayli, Vasif"]
[Black "Dragun, Kamil"]
[Result "1/2-1/2"]
[WhiteElo "2628"]
[BlackElo "2585"]
[PlyCount "73"]
[EventDate "2019.04.??"]
[EventType "swiss"]
[EventRounds "9"]
[EventCountry "USA"]

1. e4 e5 2. Nf3 Nf6 3. Nxe5 d6 4. Nf3 Nxe4 5. d4 d5 6. Bd3 Nc6 7. O-O Be7 8. c4
Nb4 9. Re1 Nxd3 10. Qxd3 c6 11. Nc3 Nxc3 12. Qxc3 O-O 13. c5 f6 14. h3 Re8 15.
Bf4 Bf5 16. g4 Bg6 17. Nh4 Qd7 18. Nxg6 hxg6 19. Re3 Bf8 20. Rae1 Rxe3 21. Qxe3
Kf7 22. Kg2 g5 23. Bg3 Re8 24. Qxe8+ Qxe8 25. Rxe8 Kxe8 26. Bb8 a6 27. Kg3 g6
28. Kf3 Kd7 29. Ke3 Ke6 30. Kd3 Kd7 31. Bg3 Be7 32. Kc3 Bd8 33. Kb4 Ke6 34. f3
Kd7 35. Ka4 Kc8 36. b4 Kd7 37. Bh2 1/2-1/2

[Event "13th Foxwoods Open"]
[Site "Mashantucket, CT"]
[Date "2019.04.20"]
[Round "7.2"]
[White "Gabuzyan, Hovhannes"]
[Black "Shimanov, Aleksandr"]
[Result "1/2-1/2"]
[WhiteElo "2620"]
[BlackElo "2610"]
[PlyCount "65"]
[EventDate "2019.04.??"]
[EventType "swiss"]
[EventRounds "9"]
[EventCountry "USA"]

1. c4 Nf6 2. Nf3 c5 3. g3 g6 4. Bg2 Bg7 5. Nc3 O-O 6. O-O d5 7. cxd5 Nxd5 8.
Qa4 Nc6 9. Qc4 Nxc3 10. dxc3 Qb6 11. Rd1 Bf5 12. e4 Bg4 13. Qf1 Rad8 14. h3 Bc8
15. Rxd8 Rxd8 16. Qe2 Qc7 17. Bf4 Qd7 18. Bf1 b6 19. Re1 Bb7 20. h4 Qe6 21. a3
Ne5 22. Ng5 Qc6 23. Rd1 Rxd1 24. Qxd1 h6 25. Qd8+ Bf8 26. Bxe5 hxg5 27. Bg2
gxh4 28. gxh4 Qe6 29. Qb8 Bc6 30. Bf4 Qg4 31. Bh6 Qd1+ 32. Kh2 Qd6+ 33. Qxd6
1/2-1/2

[Event "13th Foxwoods Open"]
[Site "Mashantucket, CT"]
[Date "2019.04.20"]
[Round "7.3"]
[White "Niemann, Hans"]
[Black "Burke, John M"]
[Result "0-1"]
[WhiteElo "2477"]
[BlackElo "2550"]
[PlyCount "68"]
[EventDate "2019.04.??"]
[EventType "swiss"]
[EventRounds "9"]
[EventCountry "USA"]

1. d4 d5 2. c4 e6 3. Nc3 c6 4. Nf3 Nf6 5. Bg5 dxc4 6. e4 b5 7. e5 h6 8. Bh4 g5
9. Nxg5 hxg5 10. Bxg5 Be7 11. exf6 Bxf6 12. Bxf6 Qxf6 13. g3 Na6 14. Ne4 Qe7
15. Bg2 Bb7 16. O-O O-O-O 17. a4 f5 18. axb5 cxb5 19. Rxa6 Bxa6 20. Nc5 Qxc5
21. dxc5 Rxd1 22. Rxd1 b4 23. Ra1 Bb5 24. Rxa7 Rd8 25. Ra8+ Kd7 26. Ra1 Rc8 27.
Rc1 Rxc5 28. Bf1 Ke7 29. h4 Kf6 30. Kg2 Bc6+ 31. f3 c3 32. Rb1 c2 33. Rc1 Ba4
34. Kf2 Rd5 0-1

[Event "13th Foxwoods Open"]
[Site "Mashantucket, CT"]
[Date "2019.04.20"]
[Round "7.4"]
[White "Rohde, Michael"]
[Black "Ippolito, Dean"]
[Result "1/2-1/2"]
[WhiteElo "2358"]
[BlackElo "2339"]
[PlyCount "28"]
[EventDate "2019.04.??"]
[EventType "swiss"]
[EventRounds "9"]
[EventCountry "USA"]

1. Nf3 Nf6 2. c4 e6 3. Nc3 d5 4. d4 Be7 5. Bg5 Nbd7 6. e3 h6 7. Bh4 O-O 8. Rc1
c5 9. cxd5 Nxd5 10. Bxe7 Nxe7 11. dxc5 Nxc5 12. Qxd8 Rxd8 13. b4 Nd3+ 14. Bxd3
Rxd3 1/2-1/2

[Event "13th Foxwoods Open"]
[Site "Mashantucket, CT"]
[Date "2019.04.20"]
[Round "7"]
[White "Vazquez, Guillermo"]
[Black "Kambrath, Yannick"]
[Result "1-0"]
[WhiteElo "2489"]
[BlackElo "2335"]
[PlyCount "47"]
[EventDate "2019.04.??"]
[EventType "swiss"]
[EventRounds "9"]
[EventCountry "USA"]

1. e4 e5 2. Nf3 Nc6 3. Bb5 Bc5 4. c3 f5 5. O-O fxe4 6. Nxe5 Nxe5 7. Qh5+ Ng6 8.
Qxc5 Nf6 9. d3 c6 10. Ba4 exd3 11. Re1+ Kf7 12. Qd6 Re8 13. Bb3+ Nd5 14. Bxd5+
cxd5 15. Qxd5+ Kf8 16. Re3 Qf6 17. Na3 Re5 18. Qxd3 d5 19. Rxe5 Qxe5 20. Be3
Bf5 21. Qd2 a6 22. Bc5+ Kg8 23. Re1 Qf6 24. Qxd5+ 1-0

[Event "13th Foxwoods Open"]
[Site "Mashantucket, CT"]
[Date "2019.04.20"]
[Round "7"]
[White "Sarkar, Justin"]
[Black "Belous, Vladimir"]
[Result "0-1"]
[WhiteElo "2337"]
[BlackElo "2520"]
[PlyCount "144"]
[EventDate "2019.04.??"]
[EventType "swiss"]
[EventRounds "9"]
[EventCountry "USA"]

1. d4 Nf6 2. c4 c6 3. Nc3 d5 4. Nf3 a6 5. a4 e6 6. Bg5 Bb4 7. e3 Nbd7 8. cxd5
exd5 9. Bd3 O-O 10. Qc2 h6 11. Bf4 Re8 12. O-O Nf8 13. h3 Ne6 14. Bh2 Bd6 15.
Bxd6 Qxd6 16. a5 c5 17. dxc5 Nxc5 18. Na4 Nxd3 19. Qxd3 Bd7 20. Qa3 Qxa3 21.
Rxa3 Bxa4 22. Rxa4 Rac8 23. Rb4 Re7 24. Rb6 Ne4 25. b4 Nc3 26. Nd4 Rd7 27. Ra1
Rc4 28. Nb3 d4 29. Nc5 Rc7 30. exd4 Nd5 31. Rd6 Nxb4 32. Rd8+ Kh7 33. Nd7 h5
34. Nb6 Rc1+ 35. Rxc1 Rxc1+ 36. Kh2 Nc6 37. Rc8 Rd1 38. d5 Nxa5 39. Kg3 Rb1 40.
d6 Rxb6 41. d7 Rb3+ 42. Kf4 Nc6 43. Rxc6 Rd3 44. Rc7 b6 45. Ke4 Rd2 46. Rb7 b5
47. Ra7 h4 48. Rxa6 Rxd7 49. Rb6 Rd2 50. Rxb5 Rxf2 51. Rh5+ Kg6 52. Rxh4 f5+
53. Ke3 Rxg2 54. Kf4 Ra2 55. Rh8 Ra3 56. h4 Rh3 57. Ke5 Rf3 58. Rf8 Rf1 59. Rh8
Rf2 60. Rg8 Rg2 61. Rf8 Rg1 62. Rh8 Rg4 63. Kd5 Re4 64. Kd6 Kf7 65. Kd5 g6 66.
h5 Kg7 67. Ra8 gxh5 68. Ra6 h4 69. Rb6 h3 70. Rb3 Rh4 71. Rb1 h2 72. Rh1 Kf6
0-1

[Event "13th Foxwoods Open"]
[Site "Mashantucket, CT"]
[Date "2019.04.20"]
[Round "7"]
[White "Mulyar, Michael"]
[Black "Finegold, Benjamin"]
[Result "1-0"]
[WhiteElo "2385"]
[BlackElo "2487"]
[PlyCount "41"]
[EventDate "2019.04.??"]
[EventType "swiss"]
[EventRounds "9"]
[EventCountry "USA"]

1. d4 Nf6 2. Nf3 g6 3. c4 Bg7 4. g3 O-O 5. Bg2 d6 6. O-O c6 7. Nc3 Bf5 8. Re1
Ne4 9. Qb3 Nxc3 10. bxc3 Qc7 11. e4 Bc8 12. e5 dxe5 13. Nxe5 Bf5 14. Bf4 Qc8
15. c5 Nd7 16. Nxf7 Rxf7 17. Rxe7 Qf8 18. Bd6 Nf6 19. Rxb7 Qe8 20. Re7 Qf8 21.
Bxc6 1-0

[Event "13th Foxwoods Open"]
[Site "Mashantucket, CT"]
[Date "2019.04.20"]
[Round "7"]
[White "Kim, Yoon-Young"]
[Black "Hevia Alejano, Carlos Antonio"]
[Result "0-1"]
[WhiteElo "2320"]
[BlackElo "2470"]
[PlyCount "126"]
[EventDate "2019.04.??"]
[EventType "swiss"]
[EventRounds "9"]
[EventCountry "USA"]

1. d4 d6 2. Nf3 g6 3. c4 Bg7 4. Nc3 Bg4 5. Bg5 Nd7 6. h3 Bxf3 7. exf3 c6 8. Rb1
Ngf6 9. d5 O-O 10. Be2 cxd5 11. Nxd5 e6 12. Nc3 Nb6 13. Nb5 d5 14. cxd5 Nbxd5
15. O-O h6 16. Bd2 Nh5 17. Bc4 Ndf4 18. g3 a6 19. Nc3 Nxh3+ 20. Kg2 Qc7 21.
Kxh3 Qxc4 22. Qc1 g5 23. Ne4 Qd5 24. Qc5 Qxa2 25. Bc3 Rac8 26. Qb4 Qd5 27. Bxg7
Kxg7 28. Rbd1 Qc4 29. Qxb7 Nf6 30. Rc1 Qb5 31. Qxb5 axb5 32. Nd6 Rb8 33. Rc7 b4
34. Ra1 Rbd8 35. Ra6 Rxd6 36. Rxd6 Ne8 37. Rdd7 Nxc7 38. Rxc7 Rd8 39. Rc4 Rd2
40. Rxb4 Rxf2 41. f4 f5 42. fxg5 hxg5 43. Rb8 g4+ 44. Kh4 Kf6 45. Rf8+ Ke5 46.
Rb8 Ke4 47. b4 Kf3 48. Re8 Rh2+ 49. Kg5 Rb2 50. Rxe6 Rxb4 51. Kh4 Rb8 52. Rh6
Rg8 53. Ra6 Rh8+ 54. Kg5 Kxg3 55. Ra3+ Kh2 56. Kf4 Rg8 57. Ra2+ Kh3 58. Ra7 g3
59. Kf3 Kh2 60. Rh7+ Kg1 61. Ra7 g2 62. Ra1+ Kh2 63. Ra7 Rg3+ 0-1

[Event "13th Foxwoods Open"]
[Site "Mashantucket, CT"]
[Date "2019.04.20"]
[Round "7"]
[White "Ruiz Castillo, Joshua Daniel"]
[Black "Vigorito, David"]
[Result "1/2-1/2"]
[WhiteElo "2460"]
[BlackElo "2330"]
[PlyCount "44"]
[EventDate "2019.04.??"]
[EventType "swiss"]
[EventRounds "9"]
[EventCountry "USA"]

1. e4 c6 2. d4 d5 3. e5 Bf5 4. h4 h5 5. c4 e6 6. Nc3 Ne7 7. Nge2 Nd7 8. Ng3 Bg6
9. cxd5 cxd5 10. Be2 Nc6 11. Be3 Be7 12. Nxh5 Bxh5 13. Bxh5 Ndxe5 14. Be2 Rxh4
15. Rxh4 Bxh4 16. dxe5 d4 17. Bxd4 Qxd4 18. Qxd4 Nxd4 19. Rd1 O-O-O 20. Nb5
Nxb5 21. Rxd8+ Kxd8 22. Bxb5 Bg5 1/2-1/2

[Event "13th Foxwoods Open"]
[Site "Mashantucket, CT"]
[Date "2019.04.20"]
[Round "7"]
[White "Brodsky, David"]
[Black "Yanayt, Eugene"]
[Result "1-0"]
[WhiteElo "2417"]
[BlackElo "2268"]
[PlyCount "111"]
[EventDate "2019.04.??"]
[EventType "swiss"]
[EventRounds "9"]
[EventCountry "USA"]

1. e4 c5 2. Nc3 d6 3. d4 cxd4 4. Qxd4 Nc6 5. Qd2 Nf6 6. b3 g6 7. Bb2 Bg7 8.
O-O-O O-O 9. f3 Qa5 10. Kb1 Rd8 11. Nd5 Qxd2 12. Rxd2 Nxd5 13. exd5 Bxb2 14.
Kxb2 Ne5 15. Ne2 Bd7 16. Nd4 Rdc8 17. g3 Rc5 18. Bg2 Kf8 19. Re1 Rac8 20. h3 g5
21. f4 gxf4 22. gxf4 Ng6 23. Rf2 Kg7 24. f5 Ne5 25. f6+ exf6 26. Be4 R8c7 27.
Rg1+ Ng6 28. h4 f5 29. Nxf5+ Bxf5 30. Bxf5 Rxd5 31. h5 Rcc5 32. Rgf1 Ne5 33.
h6+ Kxh6 34. Rh1+ Kg7 35. Rxh7+ Kg8 36. Rh6 Kg7 37. Rh7+ Kg8 38. Rg2+ Kf8 39.
Be4 Rd4 40. Bxb7 a5 41. a4 Rb4 42. Ba6 Rd5 43. Bb5 Rf4 44. Rh8+ Ke7 45. Re8+
Kf6 46. Ra8 Ng4 47. Rxa5 Ne3 48. Rg3 Nd1+ 49. Ka3 Rf2 50. Rd3 Rxd3 51. Bxd3 Ne3
52. Kb2 d5 53. Rc5 Ke5 54. a5 Kd6 55. a6 Rh2 56. Rc8 1-0

[Event "13th Foxwoods Open"]
[Site "Mashantucket, CT"]
[Date "2019.04.20"]
[Round "7"]
[White "Ardito, Andrew"]
[Black "Wang, Wesley"]
[Result "0-1"]
[WhiteElo "2206"]
[BlackElo "2318"]
[PlyCount "88"]
[EventDate "2019.04.??"]
[EventType "swiss"]
[EventRounds "9"]
[EventCountry "USA"]

1. Nf3 Nf6 2. g3 d5 3. Bg2 c6 4. O-O Bg4 5. Ne5 Bf5 6. d4 e6 7. c4 Nbd7 8. Qb3
Qb6 9. Qxb6 axb6 10. cxd5 exd5 11. Nxd7 Kxd7 12. Nc3 b5 13. f3 b4 14. Nd1 Be6
15. Nf2 c5 16. Bd2 c4 17. e4 Be7 18. e5 Ne8 19. f4 f5 20. Nd1 Nc7 21. Ne3 Ra6
22. g4 g6 23. gxf5 gxf5 24. Bh3 Rha8 25. Bxf5 Rxa2 26. Rxa2 Rxa2 27. Bc1 Bxf5
28. Nxf5 Ne6 29. Rf2 Ra1 30. Rf1 c3 31. bxc3 b3 32. Nxe7 Kxe7 33. f5 Nf4 34.
f6+ Kf8 35. Bb2 Ra2 36. Rxf4 Rxb2 37. f7 Re2 38. Rf1 b2 39. Kh1 b6 40. Kg1 h5
41. h3 h4 42. Kh1 Rf2 43. Rxf2 b1=Q+ 44. Kg2 Qg6+ 0-1

[Event "13th Foxwoods Open"]
[Site "Mashantucket, CT"]
[Date "2019.04.20"]
[Round "7"]
[White "Kumar, Nikhil"]
[Black "Arvind, C.J."]
[Result "1/2-1/2"]
[WhiteElo "2273"]
[BlackElo "2211"]
[PlyCount "112"]
[EventDate "2019.04.??"]
[EventType "swiss"]
[EventRounds "9"]
[EventCountry "USA"]

1. d4 Nf6 2. c4 e6 3. g3 d5 4. Bg2 Bb4+ 5. Bd2 Bd6 6. Nf3 O-O 7. O-O c6 8. Qc2
Nbd7 9. Nc3 dxc4 10. a4 b6 11. e4 Be7 12. Bf4 a5 13. Rad1 Bb7 14. Nd2 Qc8 15.
Rfe1 c5 16. d5 e5 17. Bg5 Nxd5 18. Nxd5 Bxg5 19. Nxc4 Bxd5 20. Rxd5 Qc7 21.
Red1 Rad8 22. f4 Be7 23. fxe5 Nb8 24. Bh3 Nc6 25. Rd7 Qb8 26. e6 fxe6 27. Bxe6+
Kh8 28. Qb3 Bf6 29. Qxb6 Qxb6 30. Nxb6 Bxb2 31. Rxd8 Rxd8 32. Rxd8+ Nxd8 33.
Bd5 g6 34. Nc4 Bc3 35. Kf2 Kg7 36. e5 Kf8 37. Ke3 Ke7 38. Ke4 Ne6 39. h4 h5 40.
Kf3 Be1 41. Be4 g5 42. Bg6 Nd4+ 43. Ke4 gxh4 44. gxh4 Ne2 45. Nb6 Bxh4 46. Nd5+
Kd8 47. Kd3 Nd4 48. Bxh5 Nc6 49. Ke4 Ne7 50. Nf4 Kc7 51. Be8 Bg3 52. Ne6+ Kb6
53. Nf8 c4 54. Kd4 c3 55. Kxc3 Bxe5+ 56. Kc4 Bg3 1/2-1/2

[Event "13th Foxwoods Open"]
[Site "Mashantucket, CT"]
[Date "2019.04.20"]
[Round "7"]
[White "Cervantes Landeiro, Thalia"]
[Black "Raj Shanmugasundara"]
[Result "1-0"]
[WhiteElo "2235"]
[BlackElo "2143"]
[PlyCount "139"]
[EventDate "2019.04.??"]
[EventType "swiss"]
[EventRounds "9"]
[EventCountry "USA"]

1. d4 Nf6 2. c4 e6 3. Nc3 d5 4. cxd5 exd5 5. Bg5 c6 6. e3 Be7 7. Bd3 Ne4 8.
Bxe7 Qxe7 9. Nge2 f5 10. Qc2 O-O 11. O-O Nd7 12. Rae1 Ndf6 13. f3 Nxc3 14. Nxc3
g6 15. e4 fxe4 16. fxe4 Qb4 17. exd5 Qxd4+ 18. Kh1 Bd7 19. Bxg6 Ng4 20. Bf7+
Kh8 21. h3 Ne3 22. Qf2 Rae8 23. Nd1 Re7 24. Nxe3 Rfxf7 25. Qxf7 Rxf7 26. Rxf7
Qd2 27. Rd1 Qxe3 28. Rxd7 cxd5 29. Rxb7 h5 30. Rd7 h4 31. R7xd5 Kg7 32. R5d4
Qf2 33. b4 Kh6 34. a4 Kg7 35. b5 Kf6 36. a5 Qb2 37. b6 axb6 38. axb6 Ke5 39.
Rxh4 Qxb6 40. Rf1 Qb2 41. Rhf4 Qe2 42. Kh2 Ke6 43. h4 Ke7 44. R1f3 Qe5 45. Kh3
Qe1 46. g3 Qe6+ 47. Kh2 Qe5 48. Rf5 Qe1 49. Rf2 Qe4 50. h5 Qe3 51. Rf7+ Ke8 52.
Kh3 Qe4 53. Kh2 Qe3 54. R7f6 Qg5 55. h6 Qh5+ 56. Kg2 Qd5+ 57. R2f3 Qd2+ 58. Kh3
Qg5 59. R3f5 Qc1 60. h7 Ke7 61. Rf1 Qc8+ 62. g4 Qc3+ 63. Kh4 Qc2 64. Kg5 Qxh7
65. Rf7+ Qxf7 66. Rxf7+ Kxf7 67. Kh6 Kg8 68. g5 Kh8 69. g6 Kg8 70. g7 1-0

[Event "13th Foxwoods Open"]
[Site "Mashantucket, CT"]
[Date "2019.04.20"]
[Round "7"]
[White "Poliannikov, Danila"]
[Black "Tsay, Vincent"]
[Result "1-0"]
[WhiteElo "1930"]
[BlackElo "2221"]
[PlyCount "149"]
[EventDate "2019.04.??"]
[EventType "swiss"]
[EventRounds "9"]
[EventCountry "USA"]

1. e4 e6 2. d4 d5 3. Nd2 c5 4. exd5 Qxd5 5. Ngf3 cxd4 6. Bc4 Qd6 7. O-O Nf6 8.
Nb3 Nc6 9. Nbxd4 Nxd4 10. Nxd4 Be7 11. Re1 O-O 12. c3 Qc7 13. Bb3 a6 14. Bg5
Nd5 15. Bxe7 Nxe7 16. Qf3 Bd7 17. Rad1 Rad8 18. Qg3 Qxg3 19. hxg3 Nc6 20. Nxc6
Bxc6 21. f3 g6 22. Kf2 Kg7 23. a4 h5 24. a5 Kf6 25. Ke3 Rxd1 26. Rxd1 Rc8 27.
Rd4 Bb5 28. Ba4 e5 29. Rb4 Rc5 30. Bxb5 Rxb5 31. Rxb5 axb5 32. b4 Ke6 33. Kd3
Kd5 34. c4+ bxc4+ 35. Kc3 f5 36. b5 g5 37. a6 bxa6 38. bxa6 Kc6 39. Kxc4 g4 40.
a7 Kb7 41. Kd5 gxf3 42. gxf3 f4 43. gxf4 h4 44. fxe5 h3 45. e6 h2 46. e7 h1=Q
47. a8=Q+ Kxa8 48. e8=Q+ Ka7 49. Qe3+ Kb7 50. Qe4 Kc7 51. f4 Qd1+ 52. Ke6 Qb3+
53. Kf6 Qd1 54. f5 Kb6 55. Ke7 Qg1 56. Qe6+ Ka5 57. Qd5+ Ka4 58. f6 Qe3+ 59.
Qe6 Qc5+ 60. Ke8 Qh5+ 61. f7 Ka5 62. Ke7 Qg5+ 63. Kd6 Qd8+ 64. Ke5 Qh8+ 65. Qf6
Qh2+ 66. Kf5 Qc2+ 67. Kg5 Qd2+ 68. Kg6 Ka4 69. f8=Q Qd3+ 70. Qf5 Qg3+ 71. Kf6
Qc3+ 72. Kf7 Qc4+ 73. Ke8 Qe2+ 74. Qe7 Qd3 75. Qed7+ 1-0

[Event "13th Foxwoods Open"]
[Site "Mashantucket, CT"]
[Date "2019.04.20"]
[Round "7"]
[White "Colding, Ernest"]
[Black "Liang, Jason"]
[Result "0-1"]
[WhiteElo "2074"]
[BlackElo "2212"]
[PlyCount "138"]
[EventDate "2019.04.??"]
[EventType "swiss"]
[EventRounds "9"]
[EventCountry "USA"]

1. e4 e5 2. Nf3 Nc6 3. Nc3 Nf6 4. Bb5 d6 5. d4 Bd7 6. O-O Nxd4 7. Nxd4 exd4 8.
Qxd4 Be7 9. Re1 O-O 10. Bxd7 Qxd7 11. b3 c6 12. Bb2 Rfd8 13. Rad1 Qc7 14. Qc4
Rac8 15. a4 Ne8 16. Qd4 a6 17. Qe3 Qa5 18. Ne2 Bf6 19. Bd4 Bxd4 20. Nxd4 g6 21.
Qg3 Ng7 22. c3 Rd7 23. b4 Qc7 24. a5 Re8 25. f3 Nh5 26. Qg5 Ng7 27. Qd2 Red8
28. Nc2 d5 29. e5 c5 30. Qf2 Ne6 31. f4 cxb4 32. cxb4 Nxf4 33. Nd4 Ne6 34. Rc1
Qb8 35. Nf3 Rc8 36. Qd2 Rxc1 37. Rxc1 Qd8 38. Rc2 Rc7 39. Rxc7 Nxc7 40. Nd4 Qe7
41. Nf3 Qd8 42. h4 h5 43. Ng5 Ne6 44. Nxe6 fxe6 45. Qd3 Kg7 46. Qd4 Qc7 47. Qf4
Qe7 48. Qd4 g5 49. hxg5 Qxg5 50. Qc3 Qf5 51. Qc7+ Qf7 52. Qb6 Qd7 53. Qd4 Qf7
54. Qb6 Kg6 55. Qc5 h4 56. Qd4 Kg5 57. Qb6 Kg4 58. Qd8 Qf5 59. Qf6 d4 60. Qg7+
Kf4 61. Qxb7 Ke3 62. Qc7 d3 63. Qc5+ Ke2 64. Qc4 Qf2+ 65. Kh1 Qe1+ 66. Kh2 Qg3+
67. Kh1 Kf1 68. Qc1+ Qe1 69. Qf4+ Ke2+ 0-1

[Event "13th Foxwoods Open"]
[Site "Mashantucket, CT"]
[Date "2019.04.20"]
[Round "7"]
[White "Narayanan, Samrug"]
[Black "Robledo, Mark"]
[Result "0-1"]
[WhiteElo "2172"]
[BlackElo "2000"]
[PlyCount "76"]
[EventDate "2019.04.??"]
[EventType "swiss"]
[EventRounds "9"]
[EventCountry "USA"]

1. e4 e5 2. Nf3 Nf6 3. Nxe5 d6 4. Nf3 Nxe4 5. Nc3 Nxc3 6. dxc3 Be7 7. Be3 Nc6
8. Qd2 Bf5 9. O-O-O Qd7 10. Bd3 O-O 11. h4 Ne5 12. Nxe5 dxe5 13. Bxf5 Qxf5 14.
Qd7 Qxd7 15. Rxd7 Bd6 16. c4 Rfd8 17. Rxd8+ Rxd8 18. Rd1 Be7 19. Rxd8+ Bxd8 20.
Bxa7 Bxh4 21. Be3 f5 22. c5 c6 23. g3 Be7 24. b4 g5 25. f3 h5 26. Bg1 f4 27.
gxf4 gxf4 28. Kd2 Kf7 29. a4 h4 30. Kd3 h3 31. a5 Ke6 32. Ke4 Bh4 33. b5 cxb5
34. c6 bxc6 35. a6 Bf2 36. Bxf2 h2 37. a7 h1=Q 38. a8=Q Qh7# 0-1